000 00464nam a2200169Ia 4500
008 230917s9999||||xx |||||||||||||| ||und||
020 _cGBP29.99
040 _e207767
_aMAIN
041 _aEnglish
082 _a512.5 A86L
100 _aAnthony, Martin
245 0 _aLinear algebra: Concepts and methods
260 _aCambridge
_bCambridge University Press
_c2012
300 _axiv, 516 p.
500 _a2501 29/07/2013 188 08/08/2013 Main Budget
942 _cBK
999 _c20227
_d20227